| 000 | 00653nam a2200253Ia 4500 | ||
|---|---|---|---|
| 008 | 170711s9999 xx 000 0 und d | ||
| 020 | _a9781589975682 | ||
| 050 | _a649.1 | ||
| 050 | _bF652 2011 | ||
| 100 | _aFocus on the Family. | ||
| 245 | _aRaising kids with a faith that lasts participants guide / | ||
| 245 | _cby Focus on the Family. | ||
| 260 | _aUSA : | ||
| 260 | _bTyndale, | ||
| 260 | _c2011 | ||
| 300 | _a75 pages : | ||
| 300 | _billustrations ; | ||
| 300 | _c21cm. | ||
| 650 | _aParent and child. | ||
| 650 | _aParenting -- | ||
| 650 | _aParenting. | ||
| 650 | _xReligious aspects -- Christianity. | ||
| 700 | _aTitle. | ||
| 999 |
_c339785 _d339785 |
||